INFORME FINAL DEL EJERCICIO PROFESIONAL SUPERVISADO DISEÑO Y PLANIFICACIÓN DE SISTEMA DE AGUA POTABLE POR GRAVEDAD PARA EL ÁREA URBANA Y EL DRENAJE PLUVIAL PARA 2da CALLE COLINDANTE A PARK HOTEL, SANTA CRUZ VERAPAZ, ALTA VERAPAZ./ (Registro nro. 2046)
[ vista simple ]
| 000 -LEADER | |
|---|---|
| campo de control de longitud fija | 03224nam a22003377a 4500 |
| 001 - NÚMERO DE CONTROL | |
| campo de control | TIC 0036 |
| 003 - IDENTIFICADOR DE NÚMERO DE CONTROL | |
| campo de control | gtcocun |
| 005 - FECHA Y HORA DE LA ÚLTIMA TRANSACCIÓN | |
| campo de control | 20250922172139.0 |
| 006 - CÓDIGOS DE INFORMACIÓN DE LONGITUD FIJA--CARACTERÍSTICAS DEL MATERIAL ADICIONAL | |
| campo de control de longitud fija | a||||gr|||| 00| 0 |
| 007 - CAMPO FIJO DE DESCRIPCIÓN FÍSICA--INFORMACIÓN GENERAL | |
| campo de control de longitud fija | ta |
| 008 - DATOS DE LONGITUD FIJA--INFORMACIÓN GENERAL | |
| campo de control de longitud fija | 250922b2024 gt ||||| m||| 00| 0 eng d |
| 040 ## - FUENTE DE CATALOGACIÓN | |
| Centro catalogador/agencia de origen | gtcocun |
| Lengua de catalogación | SPA |
| Centro/agencia transcriptor | gtcocun |
| Normas de descripción | RDA |
| 041 ## - CÓDIGO DE IDIOMA | |
| Código de lengua del texto/banda sonora o título independiente | SPA TIC 0036 |
| 084 ## - OTRO NÚMERO DE CLASIFICACIÓN | |
| Número de control del registro de autoridad o número normalizado | TIC 0036 |
| 100 ## - ENTRADA PRINCIPAL--NOMBRE DE PERSONA | |
| Nombre de persona | Reyes Calvillo, Samory Edivaldo |
| Término indicativo de función/relación | Autor |
| 245 ## - MENCIÓN DEL TÍTULO | |
| Título | INFORME FINAL DEL EJERCICIO PROFESIONAL SUPERVISADO DISEÑO Y PLANIFICACIÓN DE SISTEMA DE AGUA POTABLE POR GRAVEDAD PARA EL ÁREA URBANA Y EL DRENAJE PLUVIAL PARA 2da CALLE COLINDANTE A PARK HOTEL, SANTA CRUZ VERAPAZ, ALTA VERAPAZ./ |
| Mención de responsabilidad, etc. | Samory Edivaldo Reyes Calvillo. |
| Medio | Impreso |
| 264 ## - PRODUCCIÓN, PUBLICACIÓN, DISTRIBUCIÓN, FABRICACIÓN Y COPYRIGHT | |
| Producción, publicación, distribución, fabricación y copyright | Cobán, Alta Verapaz: |
| Nombre del de productor, editor, distribuidor, fabricante | Universidad de San Carlos de Guatemala, Centro Universitario del Norte, Ingeniería Civil |
| Fecha de producción, publicación, distribución, fabricación o copyright | 2024 |
| 300 ## - DESCRIPCIÓN FÍSICA | |
| Extensión | 161 p.: |
| Otras características físicas | Ilustraciones, gráficas. |
| Dimensiones | 28 cm; |
| 300 ## - DESCRIPCIÓN FÍSICA | |
| Dimensiones | |
| 336 ## - TIPO DE CONTENIDO | |
| Fuente | rdacontenido |
| Término de tipo de contenido | Texto |
| Código de tipo de contenido | txt |
| 337 ## - TIPO DE MEDIO | |
| Fuente | rdamedio |
| Nombre/término del tipo de medio | Computadora |
| Código del tipo de medio | n |
| 338 ## - TIPO DE SOPORTE | |
| Fuente | rdasoporte |
| Nombre/término del tipo de soporte | Código en línea |
| Código del tipo de soporte | cr |
| 502 ## - NOTA DE TESIS | |
| identificador de la tesis | TIC 0036 |
| 502 ## - NOTA DE TESIS | |
| Nota de tesis | Tesis de grado |
| Tipo de título | Ingeniería Civil, |
| Nombre de la institución que otorga el título | Universidad de San Carlos de Guatemala, Centro Universitario del Norte, Ingeniería Civil |
| Año de obtención del título | 2024 |
| Identificador de la tesis | TIC 0036 |
| 520 14 - RESUMEN, ETC. | |
| Sumario, etc. | En el marco del Ejercicio Profesional Supervisado E.P.S. llevado a cabo en la<br/>municipalidad de Santa Cruz Verapaz, ubicada en el departamento de Alta Verapaz, se desarrollaron dos proyectos de infraestructura de vital importancia para el progreso de la comunidad.<br/><br/>El primero de estos proyectos abordó la optimización del sistema de agua potable en el núcleo urbano de la municipalidad. El abastecimiento de agua proviene del manantial de la comunidad de Panahá. El proyecto comprende una serie de componentes esenciales, que incluye la captación del recurso, una línea de conducción, estructuras hidráulicas, un tanque de distribución y una red de distribución. Este sistema funcionará bajo el principio de gravedad, con una red de distribución de tipo cerrado para garantizar la eficiencia y calidad del servicio.<br/><br/>El segundo proyecto se enfocó en la gestión de aguas pluviales en la 2da Calle, contigua a Park Hotel. Esta calle, caracterizada por su topografía de hondonada y flanqueada por<br/>infraestructura de mampostería en ambos lados, carecía de un sistema de drenaje adecuado.<br/>La solución incluye la instalación de pozos de visita, tuberías y un pozo de absorción para canalizar y gestionar de manera eficaz el agua pluvial que se acumulaba en esta zona.<br/><br/>Ambos proyectos, desarrollados en el contexto del E.P.S., tienen como objetivo mejorar la calidad de vida de los habitantes de Santa Cruz Verapaz y contribuir al desarrollo sostenible de la comunidad al abordar de manera integral las necesidades de agua potable y el manejo<br/>de aguas pluviales. |
| 650 14 - PUNTO DE ACCESO ADICIONAL DE MATERIA--TÉRMINO DE MATERIA | |
| Fuente del encabezamiento o término | LEMB |
| Término de materia o nombre geográfico como elemento de entrada | Santa Cruz Verapaz, Alta Verapaz. |
| Subdivisión general | Ingeniería |
| -- | Infrastructura |
| -- | Agua potable |
| -- | Conducción |
| -- | Distribuidora |
| -- | Drenaje |
| 700 ## - ENTRADA AGREGADA--NOMBRE PERSONAL | |
| Nombre de persona | Ing. Civil. Jorge Haroldo Dubón Xitumul |
| Término indicativo de función/relación | Asesor |
| 856 ## - LOCALIZACIÓN Y ACCESO ELECTRÓNICOS | |
| Identificador Uniforme de Recurso | <a href="https://drive.google.com/file/d/1kxI9gVn4YmccxB5A6qk2BpR-b-nnH15S/view">https://drive.google.com/file/d/1kxI9gVn4YmccxB5A6qk2BpR-b-nnH15S/view</a> |
| Texto de enlace | |
| Nota pública | Un ejemplar en línea. |
| 942 ## - ELEMENTOS DE ENTRADA SECUNDARIOS (KOHA) | |
| Fuente de la clasificación o esquema de estantería | Clasificación Decimal Dewey |
| Tipo de ítem Koha | TESIS |
| Parte de la signatura que identifica el ejemplar (Parte del ítem) | TIC 0036 |
| Prefijo de la signatura | Clasificación |
| Suprimir en OPAC | No |
| -- | TIC_0036_000000000000000 |
| Estatus retirado | Estado de pérdida | Fuente de la clasificación o esquema de estantería | Estado de daño | No para préstamo | Colección | Biblioteca de origen | Biblioteca actual | Ubicación en estantería | Fecha de adquisición | Número de inventario | Total de préstamos | Signatura topográfica completa | Código de barras | Visto por última vez | Precio de reemplazo | Tipo de ítem Koha |
|---|---|---|---|---|---|---|---|---|---|---|---|---|---|---|---|---|
| Clasificación Decimal Dewey | tesis | BIBLIOTECA- CUNOR -JOSÉ LUIS GONZALES ROSALES | BIBLIOTECA- CUNOR -JOSÉ LUIS GONZALES ROSALES | Colección tesis | 16/09/2025 | TIC 0036 | TIC 0036 | TIC 0036 | 16/09/2025 | 16/09/2025 | TESIS |